000 00736nam a2200241Ii 4500
003 JO-AjNU
005 20240305102529.0
008 230605s9999||||xx |||||||||||||| ||und||
017 _a2009/5/1765
040 _aJO-AjNU
_bara
_erda
_cJO-AjNU
041 _aara
050 1 4 _aK230.A82.2012
100 _aالسرحان،بكر عبدالفتاح.
_eauthor
_965036
245 0 0 _aالثقافة القانونية
250 _aط1
264 3 1 _aعمان:دار المسيرة ، 2012
300 _a196ص
336 _atext
_btxt
_2rdacontent
337 _aunmediated
_bn
_2rdamedia
338 _avolume
_bnc
_2rdacarrier
650 4 _aالقوانين والأنظمة -- الثقافة الجماهيرية
_911407
942 _2lcc
_cBK
999 _c5877
_d5877